00324nam a2200121Ia 450000500170000000800410001708200130005824500330007126000280010430000130013250000290014570000280017420250405153927.0240331s9999 xx 000 0 und d bSIRa894 0aSitpi :bmarabum puthumaiyum aBangalorebKaavyac1996 a216 p ., aA Collection of Articles aGnanasekaran, T . eedt